| 000 | 00922nas a22002651i#4500 | ||
|---|---|---|---|
| 001 | 1706 | ||
| 003 | ES-MaACL | ||
| 005 | 20250822100006.0 | ||
| 007 | t| | ||
| 008 | 950801c18412002xxkw| | 1 ||ng d | ||
| 080 | _a(410) | ||
| 080 | _a82-7 | ||
| 245 | 0 | 0 | _aPunch, or The London Charivari. |
| 246 | 1 | 3 | _aLondon Charivari |
| 260 |
_aLondon : _bAt the Office, _c1841- ( _fBradbury and Evans) |
||
| 300 |
_a166 v. : _bgrab ; _c29 cm. |
||
| 310 | _aSemanal | ||
| 362 | 0 | _aVol. 1, no. 1 (July 17, 1841)-vol. 301, no. 7888 (Apr. 1992); vol. 302, no. 7889 (Sept. 1996)-2002. | |
| 515 | _aSe suspende la publicación entre 1992 y sept. de 1996. | ||
| 650 | 1 | 7 |
_aSátira _2embne _916997 |
| 852 |
_aES-MaACL _jZ-17 _dOlim: Hem-1650 _dOlim: Hem-1053 |
||
| 866 | 0 | _o1860-99, 1901-19, 1921-34 (1935-36), (1975-1978) 1979 (1980) 1981-84 (1985-86) 1987 (1988) 1989-90 (1991). | |
| 942 | _2udc | ||
| 999 |
_c1706 _d1706 |
||